| 000 | 00680nam a22002177a 4500 | ||
|---|---|---|---|
| 003 | BUBTL | ||
| 008 | 200902b xxu||||| |||| 00| 0 eng d | ||
| 020 | _a9780071078016 | ||
| 082 | _a332.6/ Sa783s/ 2011 | ||
| 100 |
_aSasidharan, K _93404 |
||
| 245 |
_aSecurity Analysis and Portfolio Management / _bK Sasidharan and Alex K Mathews |
||
| 250 | _a1st | ||
| 260 |
_aNew Delhi _bMcGraw Hill Education Private Limited _cc2011 |
||
| 300 |
_a[xxviii], 680p . : _bill. ; 24cm. |
||
| 500 | _aIncludes Index | ||
| 650 |
_aFinance _93405 |
||
| 700 |
_aK Sasidharan and Alex K Mathews _93406 |
||
| 856 |
_k0 _l0 _yDownload |
||
| 942 |
_2ddc _cBK |
||
| 999 |
_c6346 _d6346 |
||